By for and About: Feminist Cultural Politics (Record no. 1018)

MARC details
005 - DATE AND TIME OF LATEST TRANSACTION
control field 20250319154114.0
020 ## - INTERNATIONAL STANDARD BOOK NUMBER
International Standard Book Number 0-88961-203-X
082 ## - DEWEY DECIMAL CLASSIFICATION NUMBER
Classification number 801.908 WAR
245 ## - TITLE STATEMENT
Title By for and About: Feminist Cultural Politics
260 ## - PUBLICATION, DISTRIBUTION, ETC.
Place of publication, distribution, etc. Vancouver
Name of publisher, distributor, etc. Women's Press
Date of publication, distribution, etc. 1991
300 ## - PHYSICAL DESCRIPTION
Extent 326p., ill., picture
Dimensions 24cm.
700 ## - ADDED ENTRY--PERSONAL NAME
Other authors/Editors WARING,W.
942 ## - ADDED ENTRY ELEMENTS (KOHA)
Source of classification or shelving scheme Dewey Decimal Classification
Koha item type Books
Holdings
Date last seen Total checkouts Full call number Barcode Cost, replacement price Price effective from Koha item type Lost status Source of classification or shelving scheme Damaged status Not for loan Withdrawn status Home library Current library Shelving location Date acquired Cost, normal purchase price
03/19/2025   801.908 WAR 0000003643 45000.00 03/19/2025 Books   Dewey Decimal Classification       College of Business Education Main Library College of Business Education Main Library General Collection 03/19/2025 15000.00
03/19/2025   801.908 WAR 0000003644 45000.00 03/19/2025 Books   Dewey Decimal Classification       College of Business Education Main Library College of Business Education Main Library General Collection 03/19/2025 15000.00
03/19/2025   801.908 WAR 0000003645 45000.00 03/19/2025 Books   Dewey Decimal Classification       College of Business Education Main Library College of Business Education Main Library General Collection 03/19/2025 15000.00
03/19/2025   801.908 WAR 0000003646 45000.00 03/19/2025 Books   Dewey Decimal Classification       College of Business Education Main Library College of Business Education Main Library General Collection 03/19/2025 15000.00
03/19/2025   801.908 WAR 0000003647 45000.00 03/19/2025 Books   Dewey Decimal Classification       College of Business Education Main Library College of Business Education Main Library General Collection 03/19/2025 15000.00